Oiseaux - Mort subite - Statistiques

Statistiques générales
  • Ce quiz a été pris 304 fois
  • Le résultat moyen est 9 sur 15
Answers on the Grid
Answers color-coded by a green-red scale on the quiz's grid according to % correct below.
Marsouin
Colvert
Baribal
Zorille
Barbue
Palombe
Ara
Oryctérope
Pygargue
Roussette
Autruche
Gavial
Coucou
Ornithorynque
Bernache
Doryphore
Binturong
Grand-duc
Casoar
Agouti
Kiwi
Sapajou
Holothurie
Pivert
Albatros
Pipistrelle
Toucan
Cacatoès
Manchot
Tardigrade
 
Statistiques - réponses
Réponse % Correct
Colvert
85%
Coucou
66%
Autruche
65%
Ara
64%
Kiwi
63%
Pivert
62%
Toucan
62%
Albatros
58%
Grand-duc
57%
Pygargue
57%
Cacatoès
55%
Manchot
52%
Casoar
48%
Palombe
46%
Bernache
41%
Aucun quiz correspondant
Distribution des résultats
% des personnes avec chaque résultat
Percentile par nombre de réponses
Votre historique - résultats
Vous n’avez pas pris ce quiz